MARC детайли
| 000 -Лидер |
| Контролно поле с фиксирана дължина |
02828nam a2200469 c 4500 |
| 003 - Код на организацията, давaща контролен номер |
| Контролно поле |
BLK |
| 005 - Дата и час на последна редакция |
| Контролно поле |
20240319131850.0 |
| 008 - Елементи от данни с фиксирана дължина |
| fixed length control field |
180409b bul|||||r ||||||| ||bul|| |
| 010 ## - Наследен системен номер |
| LC control number |
KNG00129458000 |
| 040 ## - Източник на каталожния запис |
| Идентификатор на билиотеката - собственик на записа |
BLK |
| 041 ## - Код за език |
| Код за езика на текст/звукозапис или на отделно заглавие |
Български |
| Код за езика КДБФ |
Български |
| 080 ## - УДК |
| Текстов определител УДК |
Организация на възпитанието и образованието. Училищно дело. |
| УДК код - определител по УДК |
37.09 |
| УДК определител |
(497.2)(091)(092) |
| УДК - код + определител |
37.09(497.2)(091)(092) |
| 080 ## - УДК |
| Текстов определител УДК |
Период на кризата на феодализма, зараждане на капиталистически отношения. Възраждане на българския народ (II пол. на ХVIII в. - 1878 г.) |
| УДК код - определител по УДК |
94(497.2)"1750/1878" |
| УДК определител |
(092) |
| УДК - код + определител |
94(497.2)"1750/1878"(092) |
| 080 ## - УДК |
| Текстов определител УДК |
Просветен деец, дарител, писател от времето на Българското Възраждане. |
| УДК код - определител по УДК |
929 Априлов, Васил Евстатиев |
| УДК - код + определител |
929 Априлов, Васил Евстатиев |
| 100 1# - Редна дума - Автор |
| Автор |
Арнаудов, Михаил Петров |
| R(LIN) |
33558 |
| 139 ## - Редно поле |
| Редна дума |
Арнаудов, Михаил Петров |
| Авторски знак |
Апр - А 79 |
| 245 10 - Сведения за заглавието |
| Заглавие |
Априлов |
| Подзаглавни данни |
Живот, дейност, съвременници : 1789 - 1847 |
| Редно поле (дума) |
Михаил Петров Арнаудов. |
| 257 ## - Страна на издаване |
| Страна на създаване/издаване |
България |
| 260 ## - Област на издателските данни |
| Име на издателя, разпространителя и проч. |
М-во на нар. просвещение |
| Година на издаване |
1935 |
| Печатница |
София : Държ. печ. |
| 300 ## - Физическа характеристика |
| Страници |
VIII, 409 с. |
| Илюстрации и др. |
с ил., факс., 1 л. : портр. |
| Размери/Мащаб |
21 см |
| 380 ## - Жанр |
| Жанр |
История |
| 490 ## - СЕРИИ (Колекции) |
| 9 (RLIN) |
396381 |
| Име на серия |
Частна колекция - Академик Михаил Арнаудов |
| Бележки за серията |
Дарение - Основен фонд |
| 500 ## - Общи забележки |
| Забележка |
2 000 тир. - Поправки на заглавна страница ; Подчертавания в текста ; Бележки по полетата ; Добавки в края на книгата ; Ръкописни бележки: с. 44, 125, 127, 170 (инв. № 836832) |
| 600 #0 - Име на лице, използвано като предмет |
| За него / За нея |
Априлов, Васил Евстатиев |
| Свързани дати |
1789 - 1847 |
| Друга информация |
Просветен и книжовен деец |
| 9 (RLIN) |
367421 |
| 650 #4 - Допълнително описание по предмет – тема |
| Основно описание – тема или топоним |
Възраждане - България - дейци |
| 9 (RLIN) |
243707 |
| 650 #4 - Допълнително описание по предмет – тема |
| Основно описание – тема или топоним |
Априлов, Васил Евстатиев |
| 9 (RLIN) |
367421 |
| 650 #4 - Допълнително описание по предмет – тема |
| Основно описание – тема или топоним |
Образование и просвета - България - история |
| 9 (RLIN) |
244253 |
| 651 #4 - Допълнително описание по предмет - топоним |
| Географско понятие |
България |
| 9 (RLIN) |
241624 |
| 653 ## - Ключова дума – ненормативна |
| Ключова дума |
Васил Априлов |
| 653 ## - Ключова дума – ненормативна |
| Ключова дума |
българска история |
| 653 ## - Ключова дума – ненормативна |
| Ключова дума |
възрожденци |
| 653 ## - Ключова дума – ненормативна |
| Ключова дума |
образование |
| 653 ## - Ключова дума – ненормативна |
| Ключова дума |
Просвета |
| 852 ## - Местоположение |
| Форматна сигнатура |
Цб 9.250.24474 |
| 852 ## - Местоположение |
| Форматна сигнатура |
МА 4803 |
| 856 4# - Електронен адрес и достъп |
| Електронен формат |
pdf - файл |
| 856 4# - Електронен адрес и достъп |
| Електронен формат |
pdf - файл |
| 999 ## - СИСТЕМНИ КОНТРОЛНИ НОМЕРА |
| Koha biblionumber |
123795 |
| Koha biblioitemnumber |
123795 |
| 942 ## - АРТИКУЛИ |
| Вид на библиотечния материал |
Книги |
| Скрит в OPAC |
Не |
| Периодичен библиозапис |
Да |
| 944 ## - СЪЗДАВАНЕ И РЕДАКЦИЯ на ЗАПИСА |
| Създаване/Редакция |
Създаване |
| Дата на регистрацията/редакция |
03.04.2012 |
| Статус, дата на статуса |
Моника Янева |
| Служител, извършил регистрацията/редакцията |
30570 |
| 944 ## - СЪЗДАВАНЕ И РЕДАКЦИЯ на ЗАПИСА |
| Създаване/Редакция |
Редакция |
| Дата на регистрацията/редакция |
24.01.2017 |
| Статус, дата на статуса |
03.04.2012 - от С1,Р / 03.04.2012 |
| Служител, извършил регистрацията/редакцията |
Геновева_Генчева |
| 999 ## - СИСТЕМНИ КОНТРОЛНИ НОМЕРА |
| Koha biblioitemnumber |
123795 |